00882cam a2200241u 450000100060000000300080000600500170001400800390003103500190007004000330008904100080012208200180013010000730014824500830022125000120030426000460031630000310036265000290039365000370042294200120045999900170047195201520048816737BD-RjUL20211209000038.0140215t1958 gw a 000 0 eng a(BD-RjUL)16792 aDLCcCarPdDLCdBD-RjULbeng aeng04a672bTOF 19581 aToussaint, Mathias Maria Friedrich,d1899- [from old catalog]95169610aFrom ore to steel :bthe pictorial story of iron and its comversion to steel / a4th ed. aDüsseldorf :bVerlag Stahleisen,c1958. a144 p. :billus. ;c24 cm. 0aIronxMetallurgy.941669 0aSteel industry and trade.951697 2ddccBK c16737d16737 00102ddc40718NFICaRUCLbRUCLcReadingd1965-08-17eElemantary of F. Republic agencyl0o672 TOF 1958r2014-02-15 00:00:00tC-1w2014-02-15yBK